| 000 | 00570nam a22002177a 4500 | ||
|---|---|---|---|
| 005 | 20220602111121.0 | ||
| 008 | 220602b ||||| |||| 00| 0 eng d | ||
| 020 | _a9788175956704 | ||
| 040 | _cAloy | ||
| 041 | _aeng | ||
| 082 |
_223 _a820.33 _bSHAV |
||
| 100 |
_aSuman K Sharma _940046 |
||
| 245 | _aVagabond | ||
| 260 |
_aNew Delhi _bA Writers Workshop _c2000 |
||
| 300 |
_a497p. _bHB _c21x14cm. |
||
| 365 | _2English | ||
| 650 |
_aIndian English Fiction _940041 |
||
| 650 |
_aEnglish Literature _940042 |
||
| 700 |
_aSHARMA (Suman K) _940043 |
||
| 942 |
_2ddc _cGF |
||
| 999 |
_c223200 _d223200 |
||